01022naa#a2200193#i#4500001001500000005001700015011001400032100004100046102000700087200019400094210011400288215001000402608004500412675012200457686012700579700005200706700005600758856001400814RU\\bibl\4544920260516182357.6##a2073-0462##a20210805b2021####ek#y0rusy0150####ca##aRU1#aАДАПТИВНОСТЬ КОЛЛЕКЦИОННЫХ ОБРАЗЦОВ ОЗИМОЙ ПШЕНИЦЫ К УСЛОВИЯМ СРЕДНЕГО ПРЕДУРАЛЬЯeЖурнальная статья1#aКазаньcКазанский государственный аграрный университетd2021##a5 с.##aЖурнальная статья2local##aСельское хозяйство. Лесное хозяйство. Охота. Рыбное хозяйство. 63##aЕстественнонаучные и технические основы сельского хозяйства. 402bbk#1aТорбинаgИрина Валерьевна#1aФардееваgИльвира Рамилевна4#azh-szf.ru